Mechanics of fluids (Record no. 188043)

000 -LEADER
fixed length control field 00400nam a2200133Ia 4500
008 - FIXED-LENGTH DATA ELEMENTS--GENERAL INFORMATION
fixed length control field 220217s9999||||xx |||||||||||||| ||und||
020 ## - INTERNATIONAL STANDARD BOOK NUMBER
International Standard Book Number 9789386858122
082 ## - DEWEY DECIMAL CLASSIFICATION NUMBER
Classification number 620.106 POT
100 ## - MAIN ENTRY--PERSONAL NAME
Personal name Potter, Merle, C., Wiggert, David, C and Ramdan, Bassem, H
9 (RLIN) 10055
245 #0 - TITLE STATEMENT
Title Mechanics of fluids
260 ## - PUBLICATION, DISTRIBUTION, ETC.
Place of publication, distribution, etc. Cengage learning
Name of publisher, distributor, etc. New Delhi
Date of publication, distribution, etc. 2017
300 ## - PHYSICAL DESCRIPTION
Extent XIX, 793p.
Other physical details 999
650 ## - SUBJECT ADDED ENTRY--TOPICAL TERM
Topical term or geographic name entry element Mechanics
Holdings
Withdrawn status Lost status Damaged status Not for loan Collection code Home library Current library Shelving location Date acquired Full call number Barcode Date last seen Price effective from Koha item type
        Mechanical Engineering Central Library Central Library Reference 02/18/2022 620.106 POT 23232 02/18/2022 02/18/2022 Books

Powered by Koha